To have and to hold
| Main Author: | |
|---|---|
| Format: | Book |
| Published: |
London :
Headline Book Publishing ,
1994
|
MARC
| LEADER | 00000cam a2200000 7i4500 | ||
|---|---|---|---|
| 001 | 0000008635 | ||
| 002 | 000009411 | ||
| 005 | 20000330.0 | ||
| 020 | |a 0747211590 | ||
| 090 | 0 | 0 | |a F |b MIC |
| 100 | 1 | |a Michaels, Fern | |
| 245 | 1 | 0 | |a To have and to hold |c Fern Michaels |
| 260 | |a London : |b Headline Book Publishing , |c 1994 | ||
| 300 | |a 281p. ; |c 21cm. | ||
| 999 | |a 039205 |b BUKU |c PINJAMAN |e PERPUSTAKAAN KOMUNITI PETALING JAYA | ||